| 000 | 00395pab a2200157 454500 | ||
|---|---|---|---|
| 008 | 180718b2007 xxu||||| |||| 00| 0 eng d | ||
| 100 | _aAnheier, Helmut K. | ||
| 245 | _aBringing civility back in - reflections on global civil society | ||
| 260 | _c2007 | ||
| 300 | _ap.41-49. | ||
| 362 | _aNov | ||
| 650 | _aCivil society | ||
| 773 | _aDevelopment Dialogue | ||
| 908 | _aN | ||
| 909 | _a76955 | ||
| 999 |
_c76955 _d76955 |
||